Encyclopédie du protestantisme
1.370 Einträge zu Begriffen und Eigennamen und 48 enzyklopädische Dossiers zu wichtigen Themen der protestantischen Religion. Jeder Eintrag ist signiert und mit Korrelaten und einer Bibliografie erweitert. Mit chonologischen Markierungen.
| Contributors: | ; |
|---|---|
| Format: | Print Book |
| Language: | French |
| Subito Delivery Service: | Order now. |
| Check availability: | HBZ Gateway |
| WorldCat: | WorldCat |
| Interlibrary Loan: | Interlibrary Loan for the Fachinformationsdienste (Specialized Information Services in Germany) |
| Published: |
Paris
Presses Universitaires de France
2006
|
| In: | Year: 2006 |
| Volumes / Articles: | Show volumes/articles. |
| Edition: | 2. édition revue, corrigée et augmentée |
| Series/Journal: | Quadrige Dicos poche
|
| Standardized Subjects / Keyword chains: | B
Protestantism
B Protestantism / Dictionary |
| Further subjects: | B
Dictionary
|
| Sammlungen: |
MARC
| LEADER | 00000cam a2200000 c 4500 | ||
|---|---|---|---|
| 001 | 532921771 | ||
| 003 | DE-627 | ||
| 005 | 20251223213429.0 | ||
| 007 | tu | ||
| 008 | 070620s2006 fr ||||| 00| ||fre c | ||
| 020 | |a 9782830912180 |c (Labor et Fides) |9 978-2-8309-1218-0 | ||
| 020 | |a 2830912187 |9 2-8309-1218-7 | ||
| 020 | |a 9782130554158 |c (PUF) : ca. 49,00 EUR |9 978-2-13-055415-8 | ||
| 020 | |a 2130554156 |9 2-13-055415-6 | ||
| 024 | 3 | |a 9782130554158 | |
| 035 | |a (DE-627)532921771 | ||
| 035 | |a (DE-576)263202267 | ||
| 035 | |a (DE-599)GBV532921771 | ||
| 035 | |a (OCoLC)255587036 | ||
| 035 | |a (OCoLC)71799169 | ||
| 035 | |a (DE-605)HT014889375 | ||
| 035 | |a (DE-604)BV022359958 | ||
| 035 | |a (NL-AmEBA)22112 | ||
| 040 | |a DE-627 |b ger |c DE-627 |e rda | ||
| 041 | |a fre | ||
| 044 | |c XA-FR |c XA-CH | ||
| 082 | 0 | |a 274 | |
| 084 | |a 1 |2 ssgn | ||
| 084 | |a BB 1150 |2 rvk |0 (DE-625)rvk/9121: | ||
| 084 | |a NV 7500 |q BVB |2 rvk |0 (DE-625)rvk/131941: | ||
| 084 | |a 11.55 |2 bkl | ||
| 245 | 0 | 0 | |a Encyclopédie du protestantisme |c publié sous la direction de Pierre Gisel (directeur d'édition) et Lucie Kaennel (secrétaire d'édition) |
| 250 | |a 2. édition revue, corrigée et augmentée | ||
| 263 | |a Erscheint: 01/09/06 | ||
| 264 | 1 | |a Paris |b Presses Universitaires de France |c 2006 | |
| 300 | |a XLIII, 1572 Seiten |c 20 cm | ||
| 336 | |a Text |b txt |2 rdacontent | ||
| 337 | |a ohne Hilfsmittel zu benutzen |b n |2 rdamedia | ||
| 338 | |a Band |b nc |2 rdacarrier | ||
| 490 | 0 | |a Quadrige |a Dicos poche | |
| 520 | |a 1.370 Einträge zu Begriffen und Eigennamen und 48 enzyklopädische Dossiers zu wichtigen Themen der protestantischen Religion. Jeder Eintrag ist signiert und mit Korrelaten und einer Bibliografie erweitert. Mit chonologischen Markierungen. | ||
| 583 | 1 | |a Archivierung prüfen |c 20240324 |f DE-4165 |z 1 |2 pdager | |
| 601 | |a Protestant | ||
| 655 | 7 | |a Wörterbuch |0 (DE-588)4066724-8 |0 (DE-627)104682620 |0 (DE-576)209166061 |2 gnd-content | |
| 689 | 0 | 0 | |d s |0 (DE-588)4047538-4 |0 (DE-627)106194321 |0 (DE-576)20907387X |2 gnd |a Protestantismus |
| 689 | 0 | |5 DE-101 | |
| 689 | 1 | 0 | |d s |0 (DE-588)4047538-4 |0 (DE-627)106194321 |0 (DE-576)20907387X |2 gnd |a Protestantismus |
| 689 | 1 | 1 | |d s |0 (DE-588)4066724-8 |0 (DE-627)104682620 |0 (DE-576)209166061 |2 gnd |a Wörterbuch |
| 689 | 1 | |5 (DE-627) | |
| 700 | 1 | |e HerausgeberIn |0 (DE-588)142294233 |0 (DE-627)635219107 |0 (DE-576)164635041 |4 edt |a Gisel, Pierre |d 1947- | |
| 700 | 1 | |e HerausgeberIn |0 (DE-588)1140943693 |0 (DE-627)89878266X |0 (DE-576)494148365 |4 edt |a Kaennel, Lucie |d 1965- | |
| 935 | |a mteo |a JALB | ||
| 935 | |i Blocktest | ||
| 936 | r | v | |a BB 1150 |b Speziallexika zum Gesamtgebiet Religionswissenschaft und Theologie (soweit nicht bei BC - BW) |k Theologie und Religionswissenschaften |k Allgemeines zur Theologie |k Lexika |k Speziallexika zum Gesamtgebiet Religionswissenschaft und Theologie (soweit nicht bei BC - BW) |0 (DE-627)1270702025 |0 (DE-625)rvk/9121: |0 (DE-576)200702025 |
| 936 | r | v | |a NV 7500 |b Allgemeines |k Geschichte |k Religions- und Kirchengeschichte |k Geschichte der protestantischen Kirchen |k Allgemeines |0 (DE-627)1271539616 |0 (DE-625)rvk/131941: |0 (DE-576)201539616 |
| 936 | b | k | |a 11.55 |j Protestantismus |0 (DE-627)106403907 |
| 951 | |a BO | ||
| ACO | |a 1 | ||
| ELC | |b 1 | ||
| ITA | |a 1 | ||
| LOK | |0 000 xxxxxcx a22 zn 4500 | ||
| LOK | |0 001 3104725047 | ||
| LOK | |0 003 DE-627 | ||
| LOK | |0 004 532921771 | ||
| LOK | |0 005 20070507104808 | ||
| LOK | |0 008 070507||||||||||||||||ger||||||| | ||
| LOK | |0 040 |a DE-21-35 |c DE-627 |d DE-21-35 | ||
| LOK | |0 541 |e 07/513 | ||
| LOK | |0 852 |a DE-21-35 | ||
| LOK | |0 852 1 |c Og 2.19/2 |m p |9 00 | ||
| LOK | |0 938 |k p | ||
| LOK | |0 938 |l K10 |8 0 | ||
| LOK | |0 939 |a 07-05-07 |b l01 | ||
| LOK | |0 000 xxxxxcx a22 zn 4500 | ||
| LOK | |0 001 4576370820 | ||
| LOK | |0 003 DE-627 | ||
| LOK | |0 004 532921771 | ||
| LOK | |0 005 20240905110020 | ||
| LOK | |0 008 240905||||||||||||||||ger||||||| | ||
| LOK | |0 040 |a DE-Tue135 |c DE-627 |d DE-Tue135 | ||
| LOK | |0 092 |o n | ||
| LOK | |0 852 |a DE-Tue135 | ||
| LOK | |0 852 1 |9 00 | ||
| LOK | |0 866 |x SPQUE#Johannes a Lasco Bibliothek | ||
| LOK | |0 935 |a JALB | ||
| LOK | |0 939 |a 05-09-24 |b l01 | ||
| ORI | |a SA-MARC-ixtheoa001.raw | ||
| SPR | |a 1 |t IXT | ||
| STA | 0 | 0 | |a Dictionary,Protestantism,Protestantism |
| STB | 0 | 0 | |a Dictionnaire,Protestantisme,Protestantisme |
| STC | 0 | 0 | |a Diccionario,Protestantismo,Protestantismo |
| STD | 0 | 0 | |a Dizionario,Protestantesimo,Protestantesimo |
| STE | 0 | 0 | |a 基督新教,基督新教,抗罗宗,更正教,抗罗宗,更正教,词典,字典 |
| STF | 0 | 0 | |a 基督新教,基督新教,抗羅宗,更正教,抗羅宗,更正教,詞典,字典 |
| STG | 0 | 0 | |a Dicionário,Protestantismo,Protestantismo |
| STH | 0 | 0 | |a Протестантизм,Протестантизм,Протестантство,Протестантство (мотив),Словарь |
| STI | 0 | 0 | |a Λεξικό,Προτεσταντισμός (μοτίβο),Προτεσταντισμός |
| SYG | 0 | 0 | |a Protestantism,Calvinismus,Evangelicalism,Evangelismus,Hugenotten,Lutheraner,Mennoniten,Pietismus,Puritans , Protestantism,Calvinismus,Evangelicalism,Evangelismus,Hugenotten,Lutheraner,Mennoniten,Pietismus,Puritans , Reallexikon,Sachwörterbuch,Sprachwörterbuch,Vokabular,Vokabularium,Wörterbücher |